<?xml version="1.0" encoding="UTF-8"?><?xml-stylesheet type="text/xsl" href="static/style.xsl"?><OAI-PMH xmlns="http://www.openarchives.org/OAI/2.0/" xmlns:xsi="http://www.w3.org/2001/XMLSchema-instance" xsi:schemaLocation="http://www.openarchives.org/OAI/2.0/ http://www.openarchives.org/OAI/2.0/OAI-PMH.xsd"><responseDate>2026-04-19T05:27:56Z</responseDate><request verb="GetRecord" identifier="oai:riubu.ubu.es:10259/10921" metadataPrefix="marc">https://riubu.ubu.es/oai/request</request><GetRecord><record><header><identifier>oai:riubu.ubu.es:10259/10921</identifier><datestamp>2026-01-12T12:07:24Z</datestamp><setSpec>com_10259_6193</setSpec><setSpec>com_10259_4147</setSpec><setSpec>com_10259.4_106</setSpec><setSpec>com_10259_2604</setSpec><setSpec>com_10259_3576</setSpec><setSpec>com_10259.4_2574</setSpec><setSpec>col_10259_10922</setSpec><setSpec>col_10259_9148</setSpec></header><metadata><record xmlns="http://www.loc.gov/MARC21/slim" xmlns:doc="http://www.lyncode.com/xoai" xmlns:xsi="http://www.w3.org/2001/XMLSchema-instance" xmlns:dcterms="http://purl.org/dc/terms/" xsi:schemaLocation="http://www.loc.gov/MARC21/slim http://www.loc.gov/standards/marcxml/schema/MARC21slim.xsd">
<leader>00925njm 22002777a 4500</leader>
<datafield tag="042" ind1=" " ind2=" ">
<subfield code="a">dc</subfield>
</datafield>
<datafield tag="720" ind1=" " ind2=" ">
<subfield code="a">Díez Hernández, Julieta</subfield>
<subfield code="e">author</subfield>
</datafield>
<datafield tag="720" ind1=" " ind2=" ">
<subfield code="a">Antón Maraña, Paula</subfield>
<subfield code="e">author</subfield>
</datafield>
<datafield tag="260" ind1=" " ind2=" ">
<subfield code="c">2025-09</subfield>
</datafield>
<datafield tag="520" ind1=" " ind2=" ">
<subfield code="a">This chapter examines the impact of digital nativeness and generational identity on ethical values and responsible consumption behaviours in Spain. Through a data-driven analysis of six generational cohorts, the findings reveal significant intergenerational differences in both the strength of ethical values and the consistency of ethical behaviour. Notably, digital immigrants demonstrate higher ethical commitment and more responsible consumption than digital natives. Accordingly, the former presents a stronger coherence between intention and behaviour, although there is no cognitive dissonance on any of the groups. The study validates key ethical consumption theories and introduces the DAS BIE scale as a novel tool for assessing generational differences. Practical implications highlight the need for targeted educational initiatives, ethical marketing strategies, and digital tools that align values with actions. This research underscores the need of a people-centred digital transformation to bridge generational disparities and foster a more sustainable, ethically engaged society.</subfield>
</datafield>
<datafield tag="024" ind2=" " ind1="8">
<subfield code="a">9798337303857</subfield>
</datafield>
<datafield tag="024" ind2=" " ind1="8">
<subfield code="a">9798337303871</subfield>
</datafield>
<datafield tag="024" ind2=" " ind1="8">
<subfield code="a">9798337303864</subfield>
</datafield>
<datafield tag="024" ind2=" " ind1="8">
<subfield code="a">https://hdl.handle.net/10259/10921</subfield>
</datafield>
<datafield tag="024" ind2=" " ind1="8">
<subfield code="a">10.4018/979-8-3373-0385-7.ch007</subfield>
</datafield>
<datafield ind1=" " ind2=" " tag="653">
<subfield code="a">Cognitive dissonance</subfield>
</datafield>
<datafield ind1=" " ind2=" " tag="653">
<subfield code="a">Ethical values</subfield>
</datafield>
<datafield ind1=" " ind2=" " tag="653">
<subfield code="a">Ethical consumption</subfield>
</datafield>
<datafield ind1=" " ind2=" " tag="653">
<subfield code="a">Responsible consumption</subfield>
</datafield>
<datafield ind1=" " ind2=" " tag="653">
<subfield code="a">Digital nativeness</subfield>
</datafield>
<datafield ind1=" " ind2=" " tag="653">
<subfield code="a">Digital immigrants</subfield>
</datafield>
<datafield ind1=" " ind2=" " tag="653">
<subfield code="a">Generational cohorts</subfield>
</datafield>
<datafield ind1=" " ind2=" " tag="653">
<subfield code="a">Muncy-Vittel</subfield>
</datafield>
<datafield ind1=" " ind2=" " tag="653">
<subfield code="a">Adela Cortina</subfield>
</datafield>
<datafield tag="245" ind1="0" ind2="0">
<subfield code="a">Born digital: How native digital status shapes ethical behavior and consumer dissonance</subfield>
</datafield>
</record></metadata></record></GetRecord></OAI-PMH>